<?xml version="1.0" encoding="UTF-8"?>
<record
    xmlns:xsi="http://www.w3.org/2001/XMLSchema-instance"
    xsi:schemaLocation="http://www.loc.gov/MARC21/slim http://www.loc.gov/standards/marcxml/schema/MARC21slim.xsd"
    xmlns="http://www.loc.gov/MARC21/slim">

  <leader>00890nam a22002537a 4500</leader>
  <datafield tag="952" ind1=" " ind2=" ">
    <subfield code="a">0001</subfield>
    <subfield code="b">0001</subfield>
    <subfield code="d">2022-10-20</subfield>
    <subfield code="l">0</subfield>
    <subfield code="o">CHP 923.2 K&#x131;l&#x131;&#xE7;daro&#x11F;lu, K. &#xD6;39a 2017</subfield>
    <subfield code="p">020586</subfield>
    <subfield code="r">2022-10-20 00:00:00</subfield>
    <subfield code="w">2022-10-20</subfield>
    <subfield code="y">BKS</subfield>
  </datafield>
  <datafield tag="952" ind1=" " ind2=" ">
    <subfield code="a">0001</subfield>
    <subfield code="b">0001</subfield>
    <subfield code="d">2024-02-22</subfield>
    <subfield code="l">0</subfield>
    <subfield code="o">CHP 923.2 K&#x131;l&#x131;&#xE7;daro&#x11F;lu, K. &#xD6;39a 2017</subfield>
    <subfield code="p">21109</subfield>
    <subfield code="r">2024-02-22 00:00:00</subfield>
    <subfield code="t">k.2</subfield>
    <subfield code="w">2024-02-22</subfield>
    <subfield code="y">BKS</subfield>
  </datafield>
  <datafield tag="952" ind1=" " ind2=" ">
    <subfield code="a">0001</subfield>
    <subfield code="b">0001</subfield>
    <subfield code="d">2024-02-22</subfield>
    <subfield code="l">0</subfield>
    <subfield code="o">CHP 923.2 K&#x131;l&#x131;&#xE7;daro&#x11F;lu, K. &#xD6;39a 2017</subfield>
    <subfield code="p">21110</subfield>
    <subfield code="r">2024-02-22 00:00:00</subfield>
    <subfield code="t">k.3</subfield>
    <subfield code="w">2024-02-22</subfield>
    <subfield code="y">BKS</subfield>
  </datafield>
  <datafield tag="999" ind1=" " ind2=" ">
    <subfield code="c">15042</subfield>
    <subfield code="d">15042</subfield>
  </datafield>
  <controlfield tag="003">MIRAKIL</controlfield>
  <controlfield tag="005">20221020134926.0</controlfield>
  <controlfield tag="008">221020b        tu ||||| |||| 00| 0 tur d</controlfield>
  <datafield tag="020" ind1=" " ind2=" ">
    <subfield code="a">9786052365564</subfield>
  </datafield>
  <datafield tag="040" ind1=" " ind2=" ">
    <subfield code="a">TR-AnCHP</subfield>
    <subfield code="b">tur</subfield>
    <subfield code="c">TR-AnCHP</subfield>
  </datafield>
  <datafield tag="041" ind1=" " ind2=" ">
    <subfield code="a">tur</subfield>
  </datafield>
  <datafield tag="082" ind1=" " ind2=" ">
    <subfield code="a">CHP 923.2 K&#x131;l&#x131;&#xE7;daro&#x11F;lu, K.</subfield>
    <subfield code="b">&#xD6;39a 2017</subfield>
  </datafield>
  <datafield tag="100" ind1=" " ind2=" ">
    <subfield code="a">&#xD6;&#x11F;&#xFC;t, Ensar</subfield>
  </datafield>
  <datafield tag="245" ind1=" " ind2=" ">
    <subfield code="a">Adalet adam&#x131;  Kemal K&#x131;l&#x131;&#xE7;daro&#x11F;lu/</subfield>
    <subfield code="c">Ensar &#xD6;&#x11F;&#xFC;t, Mesut &#xD6;zcan</subfield>
  </datafield>
  <datafield tag="260" ind1=" " ind2=" ">
    <subfield code="a">&#x130;stanbul</subfield>
    <subfield code="b">Kalk kitabevi,</subfield>
    <subfield code="c">2017</subfield>
  </datafield>
  <datafield tag="300" ind1=" " ind2=" ">
    <subfield code="a">228 s.:</subfield>
    <subfield code="b">fot&#x11F;.</subfield>
    <subfield code="c">21 sm.</subfield>
  </datafield>
  <datafield tag="500" ind1=" " ind2=" ">
    <subfield code="a">kapakta: kurey&#x15F;an oca&#x11F;&#x131; Horasan'dan Anadolu'ya</subfield>
  </datafield>
  <datafield tag="600" ind1=" " ind2=" ">
    <subfield code="a">K&#x131;l&#x131;&#xE7;daro&#x11F;lu, Kemal</subfield>
    <subfield code="c">CHP Genel Ba&#x15F;kan&#x131;</subfield>
    <subfield code="x">Ya&#x15F;am&#xF6;yk&#xFC;s&#xFC;</subfield>
  </datafield>
  <datafield tag="600" ind1=" " ind2=" ">
    <subfield code="a">K&#x131;l&#x131;&#xE7;daro&#x11F;lu, Kemal</subfield>
    <subfield code="c">CHP Genel Ba&#x15F;kan&#x131;</subfield>
    <subfield code="x">Soyk&#xFC;t&#xFC;&#x11F;&#xFC;</subfield>
    <subfield code="x">Belgeler</subfield>
  </datafield>
  <datafield tag="650" ind1=" " ind2=" ">
    <subfield code="a">Kure&#x15F;an Oca&#x11F;&#x131;</subfield>
    <subfield code="x">Belgeler</subfield>
    <subfield code="x">Tarih</subfield>
  </datafield>
  <datafield tag="650" ind1=" " ind2=" ">
    <subfield code="a">Siyaset ve y&#xF6;netim</subfield>
    <subfield code="x">T&#xFC;rkiye</subfield>
  </datafield>
  <datafield tag="700" ind1=" " ind2=" ">
    <subfield code="a">&#xD6;zcan, Mesut</subfield>
  </datafield>
  <datafield tag="942" ind1=" " ind2=" ">
    <subfield code="2">lcc</subfield>
    <subfield code="c">BKS</subfield>
  </datafield>
</record>
